000 00290nam a2200121Ia 4500
003 GCL
008 140319s9999 xx 000 0 ara d
040 _aGCL /
_cGCL
082 0 4 _a813.03
_bم ا
245 1 0 _aاجمل الكلمات لم اهمس بها بعد
300 _a131 ص
490 _a
999 _c39836
_d39836